00531nam a2200157 a 450000500170000000800410001702000180005805000220007610000180009824500420011626000340015830000090019252001320020165000190033365000210035220140412111327.0110128s19uu xx 00 eng d a0-517-55648-0 aTR(PS EbIL1 1985 aWilhelm, Hans aI'll always love you /cHans Wilhelm. aNew York :bCrown Pub,c1985. aunp. aA Child's sadness at the death of a beloved dog is tempered by the remembrance of saying every night , " I'll always love you." aDogs - fiction aChildren stories